01085nam a2200289Ia 4500001001200000003000800012006001900020007001500039008004100054020001800095020001500113040002100128035002100149050002500170082001500195245008400210246004500294260003800339300001300377533015200390650003600542650002800578655002900606710001700635856012600652999001700778ebr10130741CaPaEBRm u cr cn|||||||||040601s2005 enk sd 000 0 eng d z9781859865170 z1859860022 aCaPaEBRcCaPaEBR a(OCoLC)56781055314aQA76.15b.H88 2005eb04a004.0322204aThe Hutchinson dictionary of computing and the interneth[electronic resource].3 aDictionary of computing and the internet aAbingdon :bHelicon Pub.,cc2005. a(561) p. aElectronic reproduction.bPalo Alto, Calif. :cebrary,d2009.nAvailable via World Wide Web.nAccess may be limited to ebrary affiliated libraries. 0aComputer sciencevDictionaries. 0aInternetvDictionaries. 7aElectronic books.2local2 aebrary, Inc.40uhttp://site.ebrary.com/lib/rucke/Doc?id=10130741zAn electronic book accessible through the World Wide Web; click to view c77700d77700